[Event "60th ch-POL w, Krakow POL"]
[Site "?"]
[Date "2008.??.??"]
[Round "10"]
[White "Majdan, Joanna"]
[Black "Warakomska, A."]
[Result "1-0"]
[WhiteElo "2290"]
[BlackElo "2180"]
[PlyCount "49"]
[EventDate "2008.??.??"]

1. Nf3 Nf6 2. c4 e6 3. Nc3 d5 4. d4 Nbd7 5. Bg5 Be7 6. e3 O-O 7. Qc2 Re8 8.
O-O-O c6 9. Kb1 Nf8 10. Bd3 dxc4 11. Bxc4 Nd5 12. Bxe7 Nxc3+ 13. Qxc3 Qxe7 14.
e4 b6 15. Rhe1 Bb7 16. d5 Red8 17. Bb3 Rac8 18. Qe5 cxd5 19. exd5 Qc5 20. Rc1
Qxf2 21. dxe6 Rxc1+ 22. Rxc1 Nxe6 23. Bxe6 fxe6 24. Qxe6+ Kf8 25. Ng5 1-0

[Event "60th ch-POL w, Krakow POL"]
[Site "?"]
[Date "2008.??.??"]
[Round "10"]
[White "Kulon, Klaudia"]
[Black "Czarnota, D."]
[Result "1-0"]
[WhiteElo "2125"]
[BlackElo "2210"]
[PlyCount "29"]
[EventDate "2008.??.??"]

1. e4 c6 2. d4 d5 3. Nc3 dxe4 4. Nxe4 Bf5 5. Ng3 Bg6 6. h4 h6 7. Bc4 e6 8. N1e2
Bd6 9. Nf4 Bh7 10. Ngh5 Bxf4 11. Bxf4 Bxc2 12. Nxg7+ Ke7 13. Qxc2 Qxd4 14. Nh5
Qc5 15. Ng3 1-0

[Event "60th ch-POL w, Krakow POL"]
[Site "?"]
[Date "2008.??.??"]
[Round "10"]
[White "Socko, M."]
[Black "Przezdziecka, M."]
[Result "1-0"]
[WhiteElo "2475"]
[BlackElo "2275"]
[PlyCount "51"]
[EventDate "2008.??.??"]

1. d4 d5 2. c4 c6 3. cxd5 cxd5 4. Nc3 e5 5. Nf3 e4 6. Ne5 f6 7. Qa4+ Nd7 8.
Nxd7 Bxd7 9. Qb3 Bc6 10. Bf4 Ne7 11. e3 g5 12. Bg3 Nf5 13. Bb5 Kf7 14. Bxc6
bxc6 15. Nxe4 Qe7 16. Nd2 h5 17. Qd3 Qd7 18. h4 Nxg3 19. fxg3 Qg4 20. O-O gxh4
21. Nf3 Qxg3 22. Ne5+ Ke8 23. Qf5 fxe5 24. Qe6+ Kd8 25. Rf7 Qxe3+ 26. Kh1 1-0

[Event "60th ch-POL w, Krakow POL"]
[Site "?"]
[Date "2008.??.??"]
[Round "10"]
[White "Krupa, Monika"]
[Black "Zawadzka, J."]
[Result "1/2-1/2"]
[WhiteElo "2265"]
[BlackElo "2410"]
[PlyCount "76"]
[EventDate "2008.??.??"]

1. e4 c5 2. Nf3 Nc6 3. Bb5 g6 4. O-O Bg7 5. c3 Nf6 6. Re1 O-O 7. d4 cxd4 8.
cxd4 d5 9. e5 Ne4 10. Bxc6 bxc6 11. Nbd2 Bf5 12. Nb3 f6 13. Bf4 g5 14. Be3 a5
15. exf6 exf6 16. Rc1 Qb6 17. Re2 Rfc8 18. Nc5 Bf8 19. Ne1 Qc7 20. f3 Nd6 21.
Bf2 Re8 22. Bg3 h5 23. h4 gxh4 24. Bxh4 Bh6 25. Rxe8+ Rxe8 26. Bxf6 Be3+ 27.
Kh1 Bxc1 28. Qxc1 Nf7 29. Ned3 Qg3 30. Ne5 Nxe5 31. Bxe5 Qg6 32. Qc3 Qh6 33.
Qxa5 Rxe5 34. dxe5 Qc1+ 35. Kh2 Qf4+ 36. Kh1 Qc1+ 37. Kh2 Qf4+ 38. Kh1 Qc1+
1/2-1/2

[Event "60th ch-POL w, Krakow POL"]
[Site "?"]
[Date "2008.??.??"]
[Round "11"]
[White "Zawadzka, J."]
[Black "Szczepkowska Horowska, K."]
[Result "1-0"]
[WhiteElo "2410"]
[BlackElo "2290"]
[PlyCount "77"]
[EventDate "2008.??.??"]

1. e4 e5 2. Nf3 Nc6 3. Bb5 a6 4. Ba4 Nf6 5. O-O Be7 6. Re1 b5 7. Bb3 O-O 8. h3
Bb7 9. d3 d5 10. exd5 Nxd5 11. Nxe5 Nd4 12. Nc3 Nxb3 13. axb3 Nb4 14. Bf4 Bd6
15. Bh2 Re8 16. Re2 f6 17. Ng4 f5 18. Ne5 Bc5 19. Qd2 Rf8 20. Bf4 h6 21. Be3
Bd6 22. f4 Bxe5 23. fxe5 f4 24. Bc5 f3 25. Rf2 Qh4 26. Bxf8 Rxf8 27. Re1 Kh7
28. Ne4 Nd5 29. g3 Qh5 30. c4 Ne7 31. Qe3 Bc8 32. h4 Bg4 33. Nd2 Kg8 34. Qe4
Nf5 35. Nxf3 Nxg3 36. Qd5+ Kh8 37. Ng5 Nf5 38. Ne6 Re8 39. Nf4 1-0

[Event "60th ch-POL w, Krakow POL"]
[Site "?"]
[Date "2008.??.??"]
[Round "11"]
[White "Przezdziecka, M."]
[Black "Krupa, Monika"]
[Result "1-0"]
[WhiteElo "2275"]
[BlackElo "2265"]
[PlyCount "119"]
[EventDate "2008.??.??"]

1. d4 e6 2. Nf3 b6 3. g3 Bb7 4. Bg2 c5 5. O-O f5 6. c4 Nf6 7. Nc3 Ne4 8. Nxe4
Bxe4 9. d5 exd5 10. cxd5 Be7 11. Bh3 Qc7 12. Bg5 d6 13. Bxe7 Qxe7 14. Nh4 f4
15. Qa4+ Kd8 16. Be6 g5 17. Qxe4 gxh4 18. Qxf4 Rf8 19. Qa4 a6 20. Rac1 b5 21.
Qa5+ Qc7 22. Qd2 Qe7 23. a4 b4 24. Rc4 hxg3 25. hxg3 Nd7 26. Bxd7 Kxd7 27. Rh4
Rg8 28. Rh6 Rg7 29. Re6 Qf7 30. Qh6 Rg6 31. Rxg6 Qxg6 32. Qf4 Re8 33. Qc4 Qe4
34. Qxa6 Qxd5 35. Qb5+ Ke7 36. a5 h5 37. a6 h4 38. g4 Qd4 39. Qb7+ Ke6 40. e4
Rg8 41. Kh2 Rf8 42. Qd5+ Qxd5 43. exd5+ Kxd5 44. g5 Ra8 45. Kh3 Ke5 46. Kg4
Rxa6 47. f4+ Ke6 48. f5+ Kf7 49. Kh5 h3 50. f6 Ra8 51. g6+ Ke6 52. Kg5 c4 53.
Re1+ Kd7 54. g7 h2 55. Kg6 Re8 56. Rxe8 h1=Q 57. Re7+ Kc6 58. g8=Q Qg2+ 59. Kf7
Qxb2 60. Qc8+ 1-0

[Event "60th ch-POL w, Krakow POL"]
[Site "?"]
[Date "2008.??.??"]
[Round "11"]
[White "Czarnota, D."]
[Black "Socko, M."]
[Result "0-1"]
[WhiteElo "2210"]
[BlackElo "2475"]
[PlyCount "144"]
[EventDate "2008.??.??"]

1. d4 Nf6 2. Nf3 e6 3. Bg5 h6 4. Bh4 c5 5. c3 b6 6. Nbd2 Bb7 7. Qc2 cxd4 8.
Nxd4 Be7 9. e4 O-O 10. Bd3 Nc6 11. Nxc6 Bxc6 12. O-O d6 13. h3 Nh5 14. Bxe7
Qxe7 15. g3 e5 16. Be2 Nf6 17. c4 Qe6 18. Qd3 Qxh3 19. Qxd6 Rad8 20. Qxc6 Rxd2
21. Bf3 Rxb2 22. Rfd1 Ng4 23. Bxg4 Qxg4 24. Qd5 Qe2 25. Rf1 Rxa2 26. Rae1 Qb2
27. Re3 Ra1 28. Rxa1 Qxa1+ 29. Kg2 Qd4 30. Qc6 Rd8 31. Rf3 Qd7 32. Qd5 Qe8 33.
Qb7 Rd7 34. Qc6 Qe7 35. Qc8+ Rd8 36. Qc6 Qe6 37. Qc7 Rd7 38. Qb8+ Kh7 39. Qc8
Rd4 40. Qb7 f6 41. Ra3 Qd7 42. Rxa7 Qxb7 43. Rxb7 Rxe4 44. Rxb6 Rxc4 45. Ra6
Rc7 46. Rb6 Kg6 47. Ra6 Kf5 48. Ra4 h5 49. Rb4 Rd7 50. Ra4 g6 51. Rb4 Rd4 52.
Rb3 h4 53. Rf3+ Kg5 54. gxh4+ Rxh4 55. Ra3 Rd4 56. Rb3 f5 57. Rb5 Kf4 58. Rb3
e4 59. Ra3 g5 60. Rb3 g4 61. Ra3 Rd3 62. Ra5 g3 63. fxg3+ Rxg3+ 64. Kf2 Rf3+
65. Kg2 Rd3 66. Ra2 Ke3 67. Ra5 f4 68. Ra4 Rd2+ 69. Kf1 Rd1+ 70. Kg2 f3+ 71.
Kg3 Rg1+ 72. Kh2 f2 0-1

[Event "60th ch-POL w, Krakow POL"]
[Site "?"]
[Date "2008.??.??"]
[Round "11"]
[White "Warakomska, A."]
[Black "Kulon, Klaudia"]
[Result "1/2-1/2"]
[WhiteElo "2180"]
[BlackElo "2125"]
[PlyCount "79"]
[EventDate "2008.??.??"]

1. e4 c5 2. Nf3 d6 3. d4 cxd4 4. Nxd4 Nf6 5. Nc3 g6 6. Be3 Bg7 7. Bc4 Nc6 8. h3
Bd7 9. O-O O-O 10. Re1 Rc8 11. Bb3 a6 12. Qd2 b5 13. Nxc6 Bxc6 14. Bh6 Bxh6 15.
Qxh6 e6 16. e5 dxe5 17. Rad1 Qc7 18. Qg5 Nd7 19. h4 Kg7 20. h5 f6 21. Qe3 Rce8
22. Rd2 Rf7 23. Red1 Ba8 24. Ne4 Ree7 25. Nd6 Rf8 26. c4 b4 27. Bc2 Nc5 28.
hxg6 hxg6 29. Qg3 g5 30. a3 a5 31. axb4 axb4 32. Nb5 Qb8 33. Nd6 Rh8 34. Re1 b3
35. Rxe5 bxc2 36. Rxc2 Qb3 37. Rxg5+ fxg5 38. Qxg5+ Kf8 39. Qf6+ Kg8 40. Qg6+
1/2-1/2

[Event "60th ch-POL w, Krakow POL"]
[Site "?"]
[Date "2008.??.??"]
[Round "11"]
[White "Toma, K."]
[Black "Majdan, Joanna"]
[Result "1/2-1/2"]
[WhiteElo "2255"]
[BlackElo "2290"]
[PlyCount "181"]
[EventDate "2008.??.??"]

1. e4 c5 2. Nf3 d6 3. d4 cxd4 4. Nxd4 Nf6 5. Nc3 a6 6. Be3 e6 7. Qd2 b5 8. f3
Bb7 9. g4 Nfd7 10. O-O-O Nb6 11. Bg5 Qc8 12. Nb3 Nc6 13. Qe3 Qc7 14. Bxb5 h6
15. Bh4 h5 16. Bf2 axb5 17. Nxb5 Qd8 18. Qxb6 Qxb6 19. Bxb6 Rxa2 20. g5 Ne5 21.
Kb1 Ra4 22. Nxd6+ Bxd6 23. Rxd6 O-O 24. Nc5 Rb4 25. Nxb7 Nc4 26. Rd4 Rxb2+ 27.
Kc1 Rxb6 28. Rxc4 Rxb7 29. Rd1 Ra8 30. Rcd4 Ra1+ 31. Kd2 Rxd1+ 32. Kxd1 Rb1+
33. Ke2 Rh1 34. c4 Rxh2+ 35. Kd3 Rh1 36. Ke2 Kf8 37. Kf2 Ke7 38. e5 Rc1 39. Rh4
g6 40. Re4 Rc2+ 41. Kg3 Rd2 42. Kh3 Kd8 43. Kg3 Kc7 44. Rf4 Rd7 45. Kh3 Kc6 46.
Kg3 Kc5 47. Kh3 Kb4 48. Kg3 Rc7 49. Kf2 Kc3 50. Kg3 Kd3 51. Kg2 h4 52. Rxh4
Rxc4 53. Rh7 Rf4 54. Rh1 Rf5 55. Kf2 Kd4 56. Rg1 Kd5 57. Rg4 Rxe5 58. Ra4 Rf5
59. Ke3 e5 60. Rg4 Kd6 61. Ke4 Ke6 62. Ke3 Kd5 63. Rg1 Rf4 64. Ra1 Rd4 65. Ra5+
Ke6 66. Ra6+ Rd6 67. Ra5 Rd7 68. Ke4 Rd4+ 69. Ke3 Rf4 70. Ra6+ Ke7 71. Ra7+ Kf8
72. Ra5 Rf5 73. Ke4 Rxg5 74. f4 Rf5 75. fxe5 Rf1 76. Ra7 g5 77. Rb7 Rf4+ 78.
Ke3 Ra4 79. Kf3 g4+ 80. Kg3 Re4 81. Ra7 Kg7 82. e6 Rxe6 83. Kxg4 Kg6 84. Kf4
Rf6+ 85. Kg4 Rb6 86. Ra4 Rb5 87. Kf4 f6 88. Kg4 Rg5+ 89. Kf4 Rh5 90. Kf3 Kg5
91. Rg4+ 1/2-1/2

[Event "60th ch-POL w, Krakow POL"]
[Site "?"]
[Date "2008.??.??"]
[Round "11"]
[White "Golek, Jagoda"]
[Black "Dworakowska, J."]
[Result "0-1"]
[WhiteElo "2040"]
[BlackElo "2350"]
[PlyCount "152"]
[EventDate "2008.??.??"]

1. e4 c5 2. Nf3 d6 3. c4 e5 4. d3 g6 5. Nc3 Nc6 6. g3 Bg7 7. Bg2 Nge7 8. O-O
O-O 9. Nh4 Nd4 10. f4 Rb8 11. Be3 exf4 12. Bxf4 b5 13. Qd2 Ba6 14. b3 Re8 15.
Rae1 Qa5 16. Rc1 b4 17. Nd1 Qc7 18. Nf2 Bc8 19. Nf3 Nec6 20. Nd1 a5 21. Nb2 Bd7
22. Rce1 Nxf3+ 23. Bxf3 Bc3 24. Qf2 Ne5 25. Rb1 Bxb2 26. Qxb2 Nxd3 27. Qd2 Nxf4
28. Qxf4 Bc6 29. Rbd1 Re5 30. Qf6 Re6 31. Qf4 Rbe8 32. Bg2 Ba8 33. Rd2 Re5 34.
Rfd1 R8e6 35. Bh3 Rxe4 36. Qf1 f5 37. Bg2 Qe7 38. Bxe4 fxe4 39. Qg2 Bb7 40. Qe2
e3 41. Rd3 Ba8 42. Rf1 Qb7 43. Rd5 Qe7 44. Rd3 Qb7 45. Rd5 Qg7 46. Rd3 Qe5 47.
Qg4 d5 48. cxd5 Bxd5 49. Qf4 Qxf4 50. gxf4 Bc6 51. Re1 e2 52. Kf2 Kg7 53. Rd2
Rf6 54. Kg3 Bb5 55. Rd5 Rf5 56. Rd2 Kh6 57. Rc2 a4 58. bxa4 Bd3 59. Rb2 g5 60.
fxg5+ Kxg5 61. Rbxe2 Bxe2 62. Rxe2 c4 63. Rc2 Rc5 64. Kf3 Kf5 65. Ke3 Ke5 66.
Rg2 h6 67. Kd2 Ra5 68. Kc2 Rxa4 69. Kb2 Ra6 70. Rg4 Kd5 71. Rh4 Re6 72. Rh5+
Kd4 73. Rh4+ Kd3 74. Rh5 Re2+ 75. Kb1 Re1+ 76. Kb2 c3+ 0-1